000 01029nam a2200217Ii 4500
003 JO-AjNU
008 230605s9999||||xx |||||||||||||| ||und||
017 _a2007/4271
020 _a977-388-126-1
040 _aJO-AjNU
_bara
_erda
_cJO-AjNU
041 _aara
050 1 4 _aHF5821 2008
100 3 _aاعداد: الدسوقي، محمد السيد البدوي,
_eauthor
_932105
245 0 0 _aالترويج والاعلان: كيف تروج منتجاتك وكيف تعلن عن مشروعك: اساسيات الاعلان: وسائل الاعلان المختلفة، تنظيم الحملات الاعلانية لمنتجاتك، ارشادات وقواعد الاعلان المتميز
264 3 1 _aالاسكندرية: مركز الاسكندرية للكتاب،2008
300 _a127ص
_bيحتوي على ببلوغرافية من ص125-127ص
336 _atext
_btxt
_2rdacontent
337 _aunmediated
_bn
_2rdamedia
338 _avolume
_bnc
_2rdacarrier
650 4 _aالاعلان- الترويج
_932106
999 _aA12923
_c16491
_d16491